[Event "AUTO-OPEN-1963"]
[Site "http://www.queenalice.com/game.php?id=860867"]
[Date "2010.11.19"]
[Round "2"]
[White "mauricio_sm"]
[Black "alechess"]
[Result "0-1"]
[WhiteElo "2021"]
[BlackElo "2108"]

1. e4 c5 2. Nf3 d6 3. d4 cxd4 4. Nxd4 Nf6 5. Nc3 a6 6. Bd3 g6 7. O-O Bg7 8. h3
O-O 9. Be3 Nc6 10. a3 Ne5 11. Be2 Qc7 12. Nd5 Nxd5 13. exd5 Nc4 14. Qc1 b5 15.
Bxc4 Qxc4 16. Rd1 Qxd5 17. Nf3 Qh5 18. Kh2 Bxh3 19. gxh3 Qxf3 20. Rd3 Be5+ 21.
Kg1 Qxh3 22. f4 Qg4+ 23. Kf1 Bf6 24. Qe1 Qh3+ 25. Ke2 Bxb2 26. Ra2 Bf6 27. Bf2
Qe6+ 28. Kd2 Qxa2 29. Qh1 Rfc8 30. Ke3 Rxc2 31. Qxa8+ Kg7 32. Qf3 Qe6+ 33. Qe4
Re2+ 0-1

[Event "AUTO-OPEN-1963"]
[Site "http://www.queenalice.com/game.php?id=860868"]
[Date "2010.11.19"]
[Round "2"]
[White "alechess"]
[Black "mauricio_sm"]
[Result "1-0"]
[WhiteElo "2080"]
[BlackElo "2034"]

1. e4 c5 2. Nf3 d6 3. d4 cxd4 4. Nxd4 Nc6 5. Bb5 Bd7 6. O-O g6 7. Nc3 Bg7 8. Be3
e5 9. Nxc6 Bxc6 10. Qd3 Ne7 11. Rad1 Nc8 12. Bc4 O-O 13. a4 b6 14. f3 Qe7 15.
Bb5 Bb7 16. Nd5 Bxd5 17. Qxd5 Rb8 18. Rd3 Rd8 19. Rc3 Qe6 20. Qxe6 fxe6 21. Bg5
Rf8 22. Bd7 Kf7 23. Rc7 Ne7 24. Bxe6+ Ke8 25. Rxe7+ 1-0

[Event "Challenge"]
[Site "http://www.queenalice.com/game.php?id=877851"]
[Date "2010.12.28"]
[Round "-"]
[White "alechess"]
[Black "Hyperboreo"]
[Result "1-0"]
[WhiteElo "2117"]
[BlackElo "2170"]

1. e4 c5 2. Nf3 e6 3. d4 cxd4 4. Nxd4 a6 5. Nc3 b5 6. Bd3 Bb7 7. O-O Qc7 8. Re1
d6 9. Bg5 Be7 10. Bxe7 Nxe7 11. Bxb5+ axb5 12. Ndxb5 Qb6 13. Nxd6+ Kf8 14. Nxb7
1-0

[Event "AUTO-INT-1682"]
[Site "http://www.queenalice.com/game.php?id=880260"]
[Date "2011.1.2"]
[Round "2"]
[White "Econochess"]
[Black "alechess"]
[Result "0-1"]
[WhiteElo "1891"]
[BlackElo "2159"]

1. d4 Nf6 2. c4 e6 3. Nc3 Bb4 4. Qc2 d5 5. a3 Bxc3+ 6. Qxc3 Ne4 7. Qc2 Nc6 8.
Nf3 O-O 9. Bf4 e5 10. dxe5 Bf5 11. Qc1 d4 12. g3 f6 13. exf6 Qxf6 14. Bg2 Nc5
15. O-O Nb3 0-1

[Event "AUTO-INT-1682"]
[Site "http://www.queenalice.com/game.php?id=880261"]
[Date "2011.1.2"]
[Round "2"]
[White "alechess"]
[Black "Econochess"]
[Result "1-0"]
[WhiteElo "2154"]
[BlackElo "1907"]

1. e4 c5 2. Nf3 g6 3. d4 cxd4 4. Nxd4 Nc6 5. Nc3 Bg7 6. Be3 Nf6 7. Bc4 O-O 8.
Bb3 a5 9. f3 Qb6 10. Nf5 Qd8 11. Nxg7 Kxg7 12. O-O d6 13. Nd5 a4 14. Nb6 Ra5 15.
Nxa4 Bd7 16. Bb6 1-0

[Event "AUTO-INT-1682"]
[Site "http://www.queenalice.com/game.php?id=880262"]
[Date "2011.1.2"]
[Round "2"]
[White "william_1987br"]
[Black "alechess"]
[Result "0-1"]
[WhiteElo "1708"]
[BlackElo "2163"]

1. e4 c5 2. Nf3 d6 3. Bc4 Nf6 4. Ng5 e6 5. d4 cxd4 6. Qxd4 Nc6 7. Qe3 Be7 8. O-O
d5 9. exd5 exd5 10. Bb5 O-O 11. b3 Ng4 12. Qh3 Bxg5 13. Bxg5 Qxg5 14. f3 Qe3+
15. Rf2 Qxf2+ 16. Kh1 Qe1+ 17. Bf1 Qxf1# 0-1

[Event "AUTO-INT-1682"]
[Site "http://www.queenalice.com/game.php?id=880263"]
[Date "2011.1.2"]
[Round "2"]
[White "alechess"]
[Black "william_1987br"]
[Result "0-1"]
[WhiteElo "2174"]
[BlackElo "1580"]

1. e4 e5 2. Nf3 Nc6 3. d4 f6 4. d5 Nb4 5. a3 Na6 6. Nc3 d6 7. Be3 Bg4 8. Bb5+
Bd7 9. Qe2 Bxb5 10. Qxb5+ Qd7 11. Qxb7 Rb8 12. Qxa6 h6 13. b4 g5 14. Qxa7 Qc8
15. Qa4+ Ke7 16. O-O Ra8 17. Qb3 c6 18. dxc6 Qxc6 19. Nd5+ Kd7 20. Nb6+ Kc7 21.
Nxa8+ Qxa8 22. Qf7+ Be7 23. Qd5 Qxd5 24. exd5 f5 25. c4 f4 26. Bd2 e4 27. Nd4
Bf6 28. Ne6+ Kd7 29. Rae1 Bb2 30. Rxe4 Bxa3 31. Bc3 Rh7 32. Nf8+ Kd8 33. Nxh7
Ne7 34. Ra1 Bxb4 0-1

[Event "AUTO-OPEN-1950"]
[Site "http://www.queenalice.com/game.php?id=893584"]
[Date "2011.1.31"]
[Round "3"]
[White "alechess"]
[Black "CCapivara"]
[Result "1-0"]
[WhiteElo "2164"]
[BlackElo "2132"]

1. e4 c6 2. d4 d6 3. c4 Nf6 4. Nc3 Qa5 5. Bd2 Qb6 6. Nf3 Bg4 7. Na4 Qc7 8. h3
Bh5 9. Bd3 e5 10. d5 Be7 11. O-O O-O 12. Rc1 Nbd7 13. Re1 c5 14. Re3 a6 15. Nc3
Bg6 16. Nh4 Nh5 17. Nxg6 fxg6 18. Re1 Nf4 19. Bf1 Rf7 20. h4 Raf8 21. g3 Nh5 22.
Be3 Qd8 23. Bh3 Kh8 24. b3 Bxh4 25. gxh4 Qxh4 26. Qg4 Qf6 27. Qg5 Qf3 28. Be6
Nf4 29. Qg3 Qh5 30. Bxf7 Rxf7 31. f3 Nd3 32. Kg2 Nxe1+ 33. Rxe1 g5 34. Rh1 Qg6
35. Qxg5 Qxg5+ 36. Bxg5 Nf8 37. Kg3 Ng6 38. Ne2 Kg8 39. a4 h6 40. Be3 Kf8 41. f4
exf4+ 42. Nxf4 Ne5 43. Rf1 Ke8 44. Rf2 Kd7 45. Ng6 Rxf2 46. Nxe5+ 1-0

[Event "AUTO-OPEN-1950"]
[Site "http://www.queenalice.com/game.php?id=893585"]
[Date "2011.1.31"]
[Round "3"]
[White "CCapivara"]
[Black "alechess"]
[Result "0-1"]
[WhiteElo "2117"]
[BlackElo "2175"]

1. e4 c5 2. Nf3 d6 3. d4 cxd4 4. Nxd4 Nf6 5. Nc3 g6 6. Be3 Bg7 7. f3 O-O 8. Qd2
Nc6 9. O-O-O Nxd4 10. Bxd4 Be6 11. Kb1 Nd7 12. Bxg7 Kxg7 13. h4 h5 14. Nd5 Bxd5
15. Qxd5 Qb6 16. Qd4+ Qxd4 17. Rxd4 Rac8 18. Be2 Nc5 19. Rhd1 a6 20. c4 Ne6 21.
R4d2 Nf4 22. Bf1 Rc5 23. b3 Ne6 24. g3 g5 25. hxg5 Rxg5 26. Rg2 Rh8 27. Rd5 Rh6
28. f4 Rg4 29. Be2 Nxf4 30. Bxg4 Nxd5 31. Bxh5 Nf6 32. Bf3 Rh1+ 33. Kb2 Rf1 34.
Be2 Re1 35. Bd3 Nxe4 36. Bxe4 Rxe4 37. Kc3 Rg4 38. Kb4 b6 39. a4 f5 40. Rf2 Kf6
41. Rf3 e5 42. Rd3 Ke6 43. Re3 d5 44. Rc3 e4 45. a5 d4 46. Rc1 bxa5+ 47. Kxa5 e3
48. c5 d3 49. c6 d2 50. Rc5 d1=Q 0-1

[Event "AUTO-OPEN-1950"]
[Site "http://www.queenalice.com/game.php?id=893586"]
[Date "2011.1.31"]
[Round "3"]
[White "alechess"]
[Black "roberval"]
[Result "1/2-1/2"]
[WhiteElo "2185"]
[BlackElo "2212"]

1. e4 c5 2. Nf3 Nc6 3. d4 cxd4 4. Nxd4 Nf6 5. Nc3 e5 6. Ndb5 d6 7. Bg5 a6 8. Na3
b5 9. Bxf6 gxf6 10. Nd5 f5 11. Bd3 Be6 12. O-O Bg7 13. Qh5 f4 14. c4 b4 15. Nc2
Rb8 16. a3 bxa3 17. b4 a5 18. b5 Bxd5 19. cxd5 Nb4 20. Qe2 Qb6 21. Nxa3 Qd4 22.
Rad1 O-O 23. Nc2 Nxc2 24. Bxc2 Qc3 25. Ra1 Rfc8 26. Bd3 Bf6 27. Rfd1 Bd8 28. g3
Bb6 29. Kg2 Kh8 30. Rac1 Qxc1 31. Rxc1 Rxc1 32. Qd2 Rbc8 33. gxf4 f6 34. fxe5
fxe5 35. Qh6 Rg8+ 36. Kf3 Rc7 37. Qf6+ 1/2-1/2

[Event "AUTO-OPEN-1950"]
[Site "http://www.queenalice.com/game.php?id=893587"]
[Date "2011.1.31"]
[Round "3"]
[White "roberval"]
[Black "alechess"]
[Result "0-1"]
[WhiteElo "2258"]
[BlackElo "2138"]

1. e4 e5 2. Nf3 Nc6 3. d4 exd4 4. Nxd4 Nf6 5. Nxc6 bxc6 6. Nc3 d5 7. exd5 cxd5
8. Bd3 Bd6 9. O-O O-O 10. Bg5 c6 11. Qf3 Rb8 0-1

[Event "Una partida?"]
[Site "http://www.queenalice.com/game.php?id=916298"]
[Date "2011.3.23"]
[Round "-"]
[White "elrey"]
[Black "alechess"]
[Result "1/2-1/2"]
[WhiteElo "2183"]
[BlackElo "2151"]

1. d4 Nf6 2. c4 e6 3. Nf3 b6 4. Nc3 Bb4 5. Qb3 c5 6. Bg5 Bb7 7. e3 O-O 8. a3 Ba5
9. Rd1 cxd4 10. Rxd4 h6 11. Bh4 g5 12. Nxg5 hxg5 13. Bxg5 d6 14. Qd1 Bxc3+ 15.
bxc3 Nbd7 16. Rg4 Kh8 17. e4 Qe8 18. Rh4+ Nh7 1/2-1/2